000 00269nam a2200097Ia 4500
082 _a920 SAMU
245 0 _aWho is the barbarian?
100 _a Samudzi, Likopo Wandsbeck, South Africa, [c.2007]
_916895
942 _cBK
008 210817s9999 xx 000 0 und d
999 _c81392
_d81392